000 01170nam a22002777a 4500
999 _c117055
_d117055
003 dpl
005 20181004131405.0
008 181004b ||||| |||| 00| 0 eng d
010 _aB-051800, B-003858
020 _c150.00
_a8188032018
035 _aB-051800, B-003858
037 _bCen Lib/Ret
040 _aDPL
_bHN
_c00
082 _a
_bरास्किन
100 _aरास्किन, अलेक्सांद्र
_942819
245 _aपापा जब बच्चे थे /
_c अलेक्सांद्र रास्किन
246 _aPapa jab bachche the
_b by Alexandr Raskin
260 _a दिल्ली
_bदिल्ली पुस्तक सदन
_c2001
270 _a30/36, गली न.-9, विश्वास नगर शाहदरा
_b दिल्ली
_e110032
300 _a112पृष्ठ.
_c20सेमी(सजिल्द)
650 _aहिंदी साहित्य
_969811
650 _aहिंदी कहानी
_969812
650 _aHindi literature
_969813
650 _ahindi story
_943117
942 _2ddc
_cHN
_h
_mरास्किन